000 01187nam a2200205Ia 4500
003 Ost
005 20260507075152.0
008 260507s9999||||xx |||||||||||||| ||und||
040 _cfsecg
041 _aara
082 _a330
100 _aالجمل، جمال جويدان
_eمؤلف
245 0 _aالتجارة الدولية /
_c جمال جويدان الجمل
260 _aعمان:
_bمركز الكتاب الاكاديمي,
_c2010
300 _a262 صفحة؛
_bإيضاحات ؛
_c24 سم
520 _aأهمية التجارة الخارجية و أسباب قيامها ، نظريات التجارة الخارجية ، الاساليب النظرية في التجارة الدولية ، السياسات التجارية الدولية ، السياسة التجارية في حالة الدولة الكبيرة و مظاهر فشل السوق ، مزايا و عيوب الحماية التجارية ، الاتفاقيات العامة للتجارة و التعرفة الجوركية (جات) ، التجارة الخارجية في الاردن
653 _aالتجارة الخارجية
653 _aالتجارة- الأردن
942 _cكتاب
999 _c43346
_d43346